000 00258nam a2200097Ia 4500
082 _aEJF KEEG
245 0 _aKubuka & the magic calabash
100 _a KEEGANS, Janet Cape Town, 2004
_995298
942 _cBK
008 210817s9999 xx 000 0 und d
999 _c394839
_d394838